Statistics for Richest Country By Language

Click here to take the quiz!

General Stats

  • This quiz has been taken 63 times
  • The average score is 9 of 12

Answer Stats

LanguageCountry% Correct
ArabicQatar
87%
KoreanSouth Korea
87%
CatalanAndorra
83%
PortuguesePortugal
83%
SpanishSpain
79%
GreekCyprus
77%
RussianRussia
74%
ItalianSwitzerland
74%
GermanLiechtenstein
72%
FrenchMonaco
60%
EnglishIreland
57%
QuechuaPeru
55%

Score Distribution

Percentile by Number Answered

Percent of People with Each Score

Your Score History

You have not taken this quiz